000
00212 a2200097 4500
001
39882
100
_a
Abdul Hashim
245
_a
Arabic Made Easy
260
_a
New Dehli
_b
Kitab Bharan
_c
090
_c
24879
_d
24879
942
_a
NUST-CAE
_c
M
_c
16534
999
_c
274955
_d
274955